01003nam a22002654c 4500003000900000008004100009020001800050040002500068041001800093080001100111100001700122245002000139264003100159300004100190336002700231337003300258338002800291490004200319500003500361520025000396521001300646650003400659650001100693700003300704AR-BaSMT240627t2021 enka|||ar|||| 000 1 ing d a9781474990141 aBSGBbespañolerda0 ainghInglés a82-34 1 aCowan, Laura14aThe Baobab Tree aLondres : bUsborne,c2021 a24 páginas ; bilustraciones color 2rdacontentatextobtxt 2rdamediaasin mediaciónbn 2rdacarrieravolumenbnc aUsborne English Readers Starter Level aWith activities and free audio aLong ago, the gods created the Baobab tree... and the Baobab tree was not happy. It didn't like the weather, it resented the birds and animals and envied the other trees. Finally the gods tired of its constant complaints and took drastic action. aPrimaria 7aLITERATURA INFANTILvInglés 7aCUENTO1 aLópez, JesúseIlustrador